[Event "Wch Rapid (Women)"]
[Site "Almaty"]
[Date "2022.12.27"]
[Round "8"]
[White "Samaganova, Alexandra"]
[Black "Gaponenko, Inna"]
[Result "0-1"]
[WhiteElo "1883"]
[BlackElo "2340"]
[PlyCount "102"]
[EventDate "2022.12.26"]
[EventType "swiss (rapid)"]
[EventRounds "11"]
[EventCountry "KAZ"]
[SourceTitle "CBM 211 Extra"]
[Source "ChessBase"]
[SourceDate "2023.01.31"]
[SourceVersion "1"]
[SourceVersionDate "2023.01.31"]
[SourceQuality "1"]

1. c4 c5 2. Nf3 g6 3. e3 Bg7 4. Nc3 Nf6 5. Be2 0-0 6. 0-0 Nc6 7. d4 cxd4 8. exd4 d5 9. cxd5 Nxd5 10. h3 Bf5 11. a3 Rc8 12. Be3 Na5 13. Bd2 Nc4 14. Bxc4 Rxc4 15. Qb3 Nb6 16. Be3 Rc8 17. Rfd1 Qc7 18. Nb5 Qc2 19. Qxc2 Rxc2 20. Rd2 Rxd2 21. Nxd2 a6 22. Nc3 Rd8 23. Nb3 Nc4 24. Nc5 Bc8 25. b3 Na5 26. b4 Nc6 27. N3a4 Nxd4 28. Bxd4 Bxd4 29. Rc1 e5 30. Nb6 Bf5 31. g4 Bb2 32. Re1 Bc3 33. Rc1 Bd2 34. Rc4 Bd3 35. Nxd3 Rxd3 36. a4 Rxh3 37. Nd7 Rc3 38. Re4 Rb3 39. Rxe5 Rxb4 40. Rd5 Bc3 41. f3 h6 42. Nc5 Bd4+ 43. Kg2 Bxc5 44. Rxc5 Rxa4 45. Kg3 b5 46. Rc6 a5 47. Rb6 Rb4 48. Ra6 a4 49. Ra7 Kg7 50. Ra6 g5 51. Ra8 Rb3 0-1

[Event "Wch Rapid (Women)"]
[Site "Almaty"]
[Date "2022.12.26"]
[Round "2"]
[White "Gaponenko, Inna"]
[Black "Nurmanova, Alua"]
[Result "1-0"]
[WhiteElo "2340"]
[BlackElo "2123"]
[PlyCount "103"]
[EventDate "2022.12.26"]
[EventType "swiss (rapid)"]
[EventRounds "11"]
[EventCountry "KAZ"]
[SourceTitle "CBM 211 Extra"]
[Source "ChessBase"]
[SourceDate "2023.01.31"]
[SourceVersion "1"]
[SourceVersionDate "2023.01.31"]
[SourceQuality "1"]

1. e4 c5 2. Nf3 d6 3. d4 cxd4 4. Nxd4 Nf6 5. Nc3 a6 6. Be3 e5 7. Nb3 Be7 8. Qd2 Be6 9. 0-0-0 Nbd7 10. f4 Qc7 11. Kb1 b5 12. f5 Bc4 13. g4 b4 14. Bxc4 bxc3 15. Qxc3 Rc8 16. Bxa6 Qxc3 17. bxc3 Rxc3 18. Rhe1 Nxg4 19. Bg1 Kd8 20. Kb2 Rh3 21. Re2 Kc7 22. a4 Ra8 23. Bb5 Ngf6 24. Rd3 Rh4 25. Rc3+ Kd8 26. Rc4 d5 27. exd5 Rxc4 28. Bxc4 Rxa4 29. Bb5 Rb4 30. c4 Bc5 31. Kc3 Rxb3+ 32. Kxb3 Bxg1 33. Rg2 Bd4 34. Rxg7 Ke7 35. Bxd7 Nxd7 36. Rxh7 e4 37. Rh4 Kd6 38. Kc2 Nc5 39. Rh7 f6 40. h4 e3 41. h5 Ke5 42. Re7+ Kxf5 43. h6 Kg6 44. h7 f5 45. d6 f4 46. d7 Nb7 47. c5 f3 48. Rxe3 f2 49. Rf3 Nd8 50. Rxf2 Kxh7 51. Rf8 Nc6 52. Rc8 1-0

[Event "EU-ch Rapid"]
[Site "Katowice"]
[Date "2022.12.18"]
[Round "9"]
[White "Svane, Rasmus"]
[Black "Gaponenko, Inna"]
[Result "1-0"]
[WhiteElo "2622"]
[BlackElo "2341"]
[PlyCount "47"]
[EventDate "2022.12.17"]
[EventType "swiss (rapid)"]
[EventRounds "11"]
[EventCountry "POL"]
[SourceTitle "CBM 211 Extra"]
[Source "ChessBase"]
[SourceDate "2023.01.31"]
[SourceVersion "1"]
[SourceVersionDate "2023.01.31"]
[SourceQuality "1"]

1. Nf3 Nf6 2. c4 g6 3. Nc3 Bg7 4. g3 d6 5. d4 0-0 6. Bg2 Nc6 7. 0-0 e5 8. h3 Bd7 9. Be3 exd4 10. Nxd4 Re8 11. Qd2 Nxd4 12. Bxd4 Bc6 13. Nd5 Bxd5 14. cxd5 Ne4 15. Bxe4 Rxe4 16. Bxg7 Kxg7 17. Rac1 Qd7 18. Kg2 Kg8 19. Rc3 Rae8 20. e3 c5 21. dxc6 bxc6 22. Rfc1 Rc8 23. Qc2 c5 24. Qxe4 1-0